Dutch Politics: 2023 - Statistics

General Stats
  • This quiz has been taken 97 times
    74 since last reset
  • The average score is 13 of 15
Answer Stats
Hint Answer % Correct
37 Seats Partij voor de Vrijheid/PVV
100%
24 Seats Volkspartij voor Vrijheid en Democratie/VVD
98%
7 Seats Boeren Burger Beweging/BBB
92%
20 Seats Nieuw Sociaal Contract/NSC
92%
5 Seats Christen-Democratish Appèl/CDA
87%
9 Seats Democraten 66/D66
87%
3 Seats Forum voor Democratie/FvD
87%
3 Seats ChristenUnie/CU
83%
25 Seats GroenLinks-Partij van de Arbeid/GL-PvdA
83%
2 Seats VOLT
83%
1 Seat JA21
80%
5 Seats Socialistische Partij/SP
80%
3 Seats Staatkundig Gereformeerde Partij/SGP
80%
3 Seats Partij voor de Dieren/PvdD
77%
3 Seats DENK
73%
No matching quizzes found
Score Distribution
Percent of People with Each Score
Percentile by Number Answered
Your Score History
You have not taken this quiz since the last reset